| 000 | 00726nam a2200229 a 4500 | ||
|---|---|---|---|
| 001 | 6466 | ||
| 003 | BD-RjUL | ||
| 005 | 20211208234240.0 | ||
| 008 | 160827m19521925enk b 001 0 eng | ||
| 035 | _a(BD-RjUL)6507 | ||
| 040 |
_aDLC _cFBA _dEQO _d6507 _beng |
||
| 041 | 1 | _aeng | |
| 082 |
_a400 _bVEL 1952 _223 |
||
| 100 | 1 |
_aVendryes, J. _920351 |
|
| 245 | 1 | 0 |
_aLanguage : _ba linguistic introduction to history / _cJ. Vendryes ; translated by Paul Radin |
| 260 |
_aLondon : _bK. Paul, Trench, Trubner & Co., ltd. ; _c1925, [4th Impression 1952] |
||
| 300 |
_axxviii, 378 p. ; _c25 cm. |
||
| 504 | _aBibliography: p. [361]-368. | ||
| 650 | 0 |
_aLanguage and languages. _920352 |
|
| 700 | 1 |
_aRadin, Paul _920353 |
|
| 942 |
_2ddc _cBK |
||
| 999 |
_c6466 _d6466 |
||